banner-ar

THE ROMAN TEMPLES OF LEBANON: APICTORIAL GUIDE / (Record no. 21760)

MARC details
000 -الفاتح
حقل البيانات ثابتة الطول 00479nam a2200181Ia 4500
008 - عناصر البيانات ثابتة الطول - معلومات عامة
حقل البيانات ثابتة الطول 140319s9999 xx 000 0 eng d
040 ## - مصدر الفهرسة
وكالة الفهرسة الأصلية GCL /
وكالة النسخ GCL
082 04 - رقم تصنيف ديوى العشرى
رقم التصنيف 726.1
رقم المادة T R
100 1# - المدخل الرئيسى - إسم شخصى
الإسم الشخصى TAYLOR, GEORGE
245 10 - بيان العنوان
العنوان THE ROMAN TEMPLES OF LEBANON: APICTORIAL GUIDE /
بيان المسئوليه,etc TAYLOR, GEORGE
260 ## - PUBLICATION, DISTRIBUTION, ETC. (IMPRINT)
تاريخ النشر أو التوزيع 1986
300 ## - الوصف المادى
التعداد 133 P
650 04 - المدخل الاضافى بالموضوع-مصطلح موضوعى
مصطلح موضوعي TEMPLES
650 04 - المدخل الاضافى بالموضوع-مصطلح موضوعى
مصطلح موضوعي ROMAN TEMPLES
650 04 - المدخل الاضافى بالموضوع-مصطلح موضوعى
مصطلح موضوعي LEBANON
942 ## - عناصر المدخل الإضافي( كوها)
مصدر التصنيف او مخطط الترفيف Dewey Decimal Classification
Koha [default] item type كتاب
260 ## - PUBLICATION, DISTRIBUTION, ETC. (IMPRINT)
-- [S.N] :
-- DAR EL- MACHREQ PUBLISHERS ،
Holdings
حالة التراجع حالة الفقد حالة تلف ليس للاعارة المكان المؤقت الموقع الحالى تاريخ الاكتساب اجمالي اﻻعارات رقم الطلب الباركود تاريخ اخر مشاهدة تاريخ تفعيل السعر نوع وعاء كوها مصدر التصنيف او خطة الترفيف
        مكتبة القاهرة الكبرى مكتبة القاهرة الكبرى 03/26/2014   726.1\T R 39941 03/26/2014 03/26/2014 كتاب  
        مكتبة القاهرة الكبرى مكتبة القاهرة الكبرى 07/08/2019   726.1 T R 166052 07/08/2019 07/08/2019 كتاب ddc

Powered By

EGPV